Theory of machines (Record no. 5797)

000 -LEADER
fixed length control field 00476nam a2200193 4500
001 - CONTROL NUMBER
control field 5797
003 - CONTROL NUMBER IDENTIFIER
control field BD-DhUET
008 - FIXED-LENGTH DATA ELEMENTS--GENERAL INFORMATION
fixed length control field 141129b xxu||||| |||| 00| 0 eng d
040 ## - CATALOGING SOURCE
Transcribing agency 0
Modifying agency BD-DhUET
082 ## - DEWEY DECIMAL CLASSIFICATION NUMBER
Classification number 621.811
Item number KHU/1984
100 ## - MAIN ENTRY--PERSONAL NAME
Personal name Khurmi, R. S.
245 ## - TITLE STATEMENT
Title Theory of machines
250 ## - EDITION STATEMENT
Edition statement 1st ed.
260 ## - PUBLICATION, DISTRIBUTION, ETC. (IMPRINT)
Place of publication, distribution, etc. New Delhi
Name of publisher, distributor, etc. Eurasia Publishing house
Date of publication, distribution, etc. 1984
300 ## - PHYSICAL DESCRIPTION
Extent viii,1107p.
Other physical details ill.
650 #0 - SUBJECT ADDED ENTRY--TOPICAL TERM
Topical term or geographic name as entry element Machinery, Kinematics
700 ## - ADDED ENTRY--PERSONAL NAME
Personal name Gupta, V. K.
942 ## - ADDED ENTRY ELEMENTS (KOHA)
Koha item type General Book
Holdings
Piece designation (barcode) Koha date last borrowed Copy number Shelving location Source of classification or shelving scheme Lost status Koha item type Damaged status Withdrawn status Koha normalized classification for sorting Koha full call number Not for loan Sublocation or collection (holding branch) Location (home branch) Date acquired Koha date last seen Price effective from Koha issues (times borrowed)
583222024-09-171Circulation section  General Book  621_110000000000000_KHU_1984621.11/KHU/1984 Central Library, BUETCentral Library, BUET2014-11-292025-04-132014-11-294
583252023-07-152Circulation section  General Book  621_110000000000000_KHU_1984621.11/KHU/1984 Central Library, BUETCentral Library, BUET2014-11-292023-11-282014-11-294
583262023-09-163Circulation section  General Book  621_811000000000000_KHU_1984621.811/KHU/1984 Central Library, BUETCentral Library, BUET2014-12-062023-11-292014-12-068
58321 4Reading section  Reading Item  621_811000000000000_KHU_1984621.811/KHU/1984 Central Library, BUETCentral Library, BUET2015-06-202015-06-202015-06-20 
58320 5Reading section  Reading Item  621_811000000000000_KHU_1984621.811/KHU/1984 Central Library, BUETCentral Library, BUET2015-06-282015-06-282015-06-28 
58318 6Reading section  Reading Item  621_811000000000000_KHU_1984621.811/KHU/1984 Central Library, BUETCentral Library, BUET2015-06-282015-06-282015-06-28 
58317 7Reading section  Reading Item  621_811000000000000_KHU_1984621.811/KHU/1984 Central Library, BUETCentral Library, BUET2015-06-302015-06-302015-06-30